Review of a mid-year review of the economy-1984 (Record no. 501017)

000 -LEADER
fixed length control field 00444cam a22001457a 4500
008 - FIXED-LENGTH DATA ELEMENTS--GENERAL INFORMATION
fixed length control field 180718b1984 xxu||||| |||| 00| 0 eng d
082 ## - DEWEY DECIMAL CLASSIFICATION NUMBER
Classification number T19 B182
100 ## - MAIN ENTRY--PERSONAL NAME
Personal name Balakrishnan, C.
245 ## - TITLE STATEMENT
Title Review of a mid-year review of the economy-1984
Statement of responsibility, etc. by C. Balakrishnan and Malcolm S. Adiseshiah
260 ## - PUBLICATION, DISTRIBUTION, ETC.
Place of publication, distribution, etc. New Delhi
Name of publisher, distributor, etc. India International Centre
Date of publication, distribution, etc. 1984
300 ## - PHYSICAL DESCRIPTION
Extent 132p.
650 ## - SUBJECT ADDED ENTRY--TOPICAL TERM
Topical term or geographic name entry element India
650 ## - SUBJECT ADDED ENTRY--TOPICAL TERM
Topical term or geographic name entry element Economy
700 ## - ADDED ENTRY--PERSONAL NAME
Personal name Adiseshiah, Malcolm S.
Holdings
Withdrawn status Lost status Damaged status Not for loan Permanent Location Current Location Date acquired Full call number Barcode Date last seen Price effective from Koha item type
        Indian Institute of Public Administration Indian Institute of Public Administration 2018-08-04 T19 B182 GR14054 2018-08-04 2018-08-04 GR

Powered by Koha